00337nam a2200133Ia 4500008004100000020002200041041001200063100001800075245005800093250000800151260002000159300000800179650001600187221220s9999 xx 000 0 und d a978-1-78934-799-9 aEnglish aG. Bonaccorso 0aMachine Learning Algorithms 2nd Ed.cby G. Bonaccorso a2nd bPacktaUKc2018 a508 aBE Computer